| 000 | 00404cam a2200169ua 4500 | ||
|---|---|---|---|
| 020 | _c1.00 | ||
| 041 |
_amal _h |
||
| 082 |
_a954 _bAYO/AV |
||
| 100 | _aAyodhyaprasad, . | ||
| 245 |
_aAugust samaravum Patna nagaravum / _cAyodhyaprasad. _hTextual Documents |
||
| 260 |
_a : _bJoseph V.P , _c1947. |
||
| 300 | _a104 ; . | ||
| 365 | _a1.00 | ||
| 504 | _a | ||
| 942 | _cBK | ||
| 999 |
_c6640 _d6640 |
||